<?xml version="1.0" encoding="UTF-8"?>
<record
    xmlns:xsi="http://www.w3.org/2001/XMLSchema-instance"
    xsi:schemaLocation="http://www.loc.gov/MARC21/slim http://www.loc.gov/standards/marcxml/schema/MARC21slim.xsd"
    xmlns="http://www.loc.gov/MARC21/slim">

  <leader>02933nam a2200373 a 4500</leader>
  <controlfield tag="003">CHAP</controlfield>
  <controlfield tag="005">20240122175347.0</controlfield>
  <controlfield tag="007">ta</controlfield>
  <controlfield tag="008">240122s2021    fluado|fr|||| 001 0 eng d</controlfield>
  <datafield tag="020" ind1=" " ind2=" ">
    <subfield code="a">978-1-77463-886-6</subfield>
  </datafield>
  <datafield tag="040" ind1=" " ind2=" ">
    <subfield code="a">mxchpua</subfield>
    <subfield code="c">CHAP</subfield>
    <subfield code="e">rda</subfield>
  </datafield>
  <datafield tag="050" ind1="1" ind2="0">
    <subfield code="a">SB360.6</subfield>
    <subfield code="b">.S46 2021</subfield>
  </datafield>
  <datafield tag="082" ind1="0" ind2="0">
    <subfield code="a">664.8</subfield>
    <subfield code="b">S46 2021</subfield>
    <subfield code="2">20</subfield>
  </datafield>
  <datafield tag="245" ind1="1" ind2="0">
    <subfield code="a">Sensor-based quality assessment systems for fruits and vegetables /</subfield>
    <subfield code="c">editores Bambang Kuswandi y Mohammed Wasim Siddiqui</subfield>
  </datafield>
  <datafield tag="250" ind1=" " ind2=" ">
    <subfield code="a">1a edici&#xF3;n</subfield>
  </datafield>
  <datafield tag="264" ind1=" " ind2=" ">
    <subfield code="a">Florida, U.S.A :</subfield>
    <subfield code="b">Apple Academic Press,</subfield>
    <subfield code="c">2021</subfield>
  </datafield>
  <datafield tag="300" ind1=" " ind2=" ">
    <subfield code="a">xx, 303 p&#xE1;ginas :</subfield>
    <subfield code="b">ilustraciones, gr&#xE1;ficas, diagramas, tablas, fotos</subfield>
  </datafield>
  <datafield tag="336" ind1=" " ind2=" ">
    <subfield code="2">rdacontent</subfield>
    <subfield code="a">texto</subfield>
    <subfield code="b">txt</subfield>
  </datafield>
  <datafield tag="337" ind1=" " ind2=" ">
    <subfield code="2">rdamedia</subfield>
    <subfield code="a">sin medio</subfield>
    <subfield code="b">n</subfield>
  </datafield>
  <datafield tag="338" ind1=" " ind2=" ">
    <subfield code="2">rdacarrier</subfield>
    <subfield code="a">volumen</subfield>
    <subfield code="b">nc</subfield>
  </datafield>
  <datafield tag="490" ind1="1" ind2=" ">
    <subfield code="a">Postharvest Biology and Technology (AAP)</subfield>
  </datafield>
  <datafield tag="504" ind1=" " ind2=" ">
    <subfield code="a">Incluye las bibliograf&#xED;as</subfield>
  </datafield>
  <datafield tag="505" ind1=" " ind2="0">
    <subfield code="g">1. Real-Time Quality Assessment of Fruits and Vegetables: Sensing Approaches
2. Sensors for Ripeness Measurement of Fruits and Vegetables
3. Sensors for Sorting and Grading of Fruits and Vegetables
4. Fluorescence Tools for Sensing of Quality-Related Phytochemicals in Fruits and Vegetables
5. Electrochemical Sensors for Quality Determination of Fruits and Vegetables
6. Electronic Nose (E-Nose) Application in the Food Industry
7. IR Spectroscopy for Quality of Fruits and Vegetables
8. Nuclear Magnetic Resonance (NMR) Spectroscopy for Quality Determination of Fruits and Vegetable
9. X-Ray Imaging for Quality Detection in Fruits and Vegetables
10. Radio Frequency Identification (RFID)
11. Application of Computer Vision System in Fruit Quality Monitoring</subfield>
  </datafield>
  <datafield tag="520" ind1="2" ind2=" ">
    <subfield code="a">Here is an abundance of valuable information on different sensing techniques for fruits and vegetables. The volume covers emerging technologies, such as NMR, MRI, wireless sensor networks (WSN), and radio-frequency identification (RFID) and their potential for industrial applications.
Key features of the volume:
&#x2022; Provides an inclusive review of the developments of sensors for quality analysis and inspection of fresh fruits and vegetables
&#x2022; Fosters an understanding of the basic sensing techniques for quality assessment of fresh fruits and vegetables
&#x2022; Covers advanced sensing technologies, including computer vision, spectroscopy, X-rays, magnetic resonance, mechanical contact, wireless sensor networks, and radio-frequency identification sensors
&#x2022; Reviews the significant progress in sensor development of noninvasive techniques for quality assessment of fruits and vegetables</subfield>
  </datafield>
  <datafield tag="650" ind1="1" ind2="3">
    <subfield code="9">150524</subfield>
    <subfield code="a">Frutos  </subfield>
    <subfield code="x">Calidad</subfield>
  </datafield>
  <datafield tag="650" ind1="1" ind2="3">
    <subfield code="9">151360</subfield>
    <subfield code="a">Vegetales  </subfield>
    <subfield code="x">Calidad</subfield>
  </datafield>
  <datafield tag="650" ind1="1" ind2="3">
    <subfield code="9">150789</subfield>
    <subfield code="a">Fruits  </subfield>
    <subfield code="x">Quality</subfield>
  </datafield>
  <datafield tag="650" ind1="1" ind2="3">
    <subfield code="9">151808</subfield>
    <subfield code="a">Vegetables  </subfield>
    <subfield code="x">Quality</subfield>
  </datafield>
  <datafield tag="700" ind1="1" ind2=" ">
    <subfield code="9">188552</subfield>
    <subfield code="a">Kuswandi, Bambang</subfield>
    <subfield code="e">editor</subfield>
  </datafield>
  <datafield tag="700" ind1="1" ind2=" ">
    <subfield code="9">188553</subfield>
    <subfield code="a">Siddiqui, Mohammed Wasim</subfield>
    <subfield code="e">editor</subfield>
  </datafield>
  <datafield tag="830" ind1=" " ind2="0">
    <subfield code="9">188551</subfield>
    <subfield code="a">Postharvest Biology and Technology (AAP)</subfield>
  </datafield>
  <datafield tag="942" ind1=" " ind2=" ">
    <subfield code="2">ddc</subfield>
  </datafield>
  <datafield tag="942" ind1=" " ind2=" ">
    <subfield code="c">LIBRO</subfield>
  </datafield>
  <datafield tag="999" ind1=" " ind2=" ">
    <subfield code="c">219574</subfield>
    <subfield code="d">219574</subfield>
  </datafield>
  <datafield tag="952" ind1=" " ind2=" ">
    <subfield code="0">0</subfield>
    <subfield code="1">0</subfield>
    <subfield code="2">ddc</subfield>
    <subfield code="4">0</subfield>
    <subfield code="5">1</subfield>
    <subfield code="7">0</subfield>
    <subfield code="8">GRAL</subfield>
    <subfield code="a">IA_</subfield>
    <subfield code="b">IA_</subfield>
    <subfield code="d">2023-12-12</subfield>
    <subfield code="e">Compra Librer&#xED;a UACh F 42581 </subfield>
    <subfield code="i">Consumo</subfield>
    <subfield code="l">0</subfield>
    <subfield code="o">664.8 S46 2021</subfield>
    <subfield code="p">1102014995</subfield>
    <subfield code="r">2024-01-22 00:00:00</subfield>
    <subfield code="t">Ej. 1</subfield>
    <subfield code="w">2024-01-22</subfield>
    <subfield code="y">LIBRO</subfield>
  </datafield>
  <datafield tag="952" ind1=" " ind2=" ">
    <subfield code="0">0</subfield>
    <subfield code="1">0</subfield>
    <subfield code="2">ddc</subfield>
    <subfield code="4">0</subfield>
    <subfield code="5">5</subfield>
    <subfield code="7">0</subfield>
    <subfield code="8">GRAL</subfield>
    <subfield code="a">IA_</subfield>
    <subfield code="b">IA_</subfield>
    <subfield code="d">2024-04-03</subfield>
    <subfield code="e">Compra Librer&#xED;a UACh F 43098</subfield>
    <subfield code="l">2</subfield>
    <subfield code="o">664.8 S46 2021</subfield>
    <subfield code="p">1102015001</subfield>
    <subfield code="r">2024-10-10 12:28:58</subfield>
    <subfield code="s">2024-10-03</subfield>
    <subfield code="t">Ej. 2</subfield>
    <subfield code="w">2024-04-19</subfield>
    <subfield code="y">LIBRO</subfield>
  </datafield>
</record>
